<?xml version="1.0" encoding="UTF-8"?>
<collection xmlns="http://www.loc.gov/MARC21/slim">
 <record>
  <leader>00431nam a22001455a 4500</leader>
  <controlfield tag="001">EHU.bham011864</controlfield>
  <controlfield tag="003">AR-BHAM</controlfield>
  <controlfield tag="005">20100223143953.0</controlfield>
  <controlfield tag="008">130507s1979##################000#0#####d</controlfield>
  <datafield tag="082" ind1="8" ind2="9">
   <subfield code="a">891.863</subfield>
  </datafield>
  <datafield tag="100" ind1="1" ind2=" ">
   <subfield code="a">Kafka, Franz</subfield>
  </datafield>
  <datafield tag="245" ind1="1" ind2="0">
   <subfield code="a">Relatos completos. tomo 2 /</subfield>
   <subfield code="c">Franz Kafka</subfield>
  </datafield>
  <datafield tag="260" ind1=" " ind2=" ">
   <subfield code="a">Buenos Aires :</subfield>
   <subfield code="b">Losada,</subfield>
   <subfield code="c">1979</subfield>
  </datafield>
  <datafield tag="653" ind1=" " ind2=" ">
   <subfield code="a">Novela checa</subfield>
  </datafield>
  <datafield tag="859" ind1=" " ind2=" ">
   <subfield code="a">AR-BHAM</subfield>
   <subfield code="b">BIB. HUMANIDADES - General</subfield>
   <subfield code="h">891.863</subfield>
   <subfield code="i">K119-3</subfield>
   <subfield code="p">140.93</subfield>
   <subfield code="t">Ej.1</subfield>
   <subfield code="v">II</subfield>
   <subfield code="3">II</subfield>
  </datafield>
 </record>
</collection>
